000 00255nam a2200109Ia 4500
008 240625s9999 xx 000 0 und d
041 _aeng
082 _a658.404 WYS
100 _aWYSOCKI ROBERT K
245 _aEFFECTIVE PROJECT MANAGEMENT
260 _c2002
999 _c33606
_d33606